Normal view
MARC view
Entry Personal Name
001 - CONTROL NUMBER
- control field: 24676
003 - CONTROL NUMBER IDENTIFIER
- control field: ARRUPE
005 - DATE AND TIME OF LATEST TRANSACTION
- control field: 20160810102106.0
008 - FIXED-LENGTH DATA ELEMENTS
- fixed length control field: 160810|| aca||aabn | a|a d
040 ## - CATALOGING SOURCE
- Original cataloging agency: ARRUPE
- Transcribing agency: ARRUPE
100 ## - HEADING--PERSONAL NAME
- Personal name: Moule, C. F. D.
- Fuller form of name: (Charles Francis Digby),
- Dates associated with a name: 1908-2007.
670 ## - SOURCE DATA FOUND
- Source citation: Work cat.: (ARRUPE)0: Moule, C. F. D. (Charles Francis Digby), 1908-2007., The birth of the New Testament, 1966.